<?xml version="1.0" encoding="UTF-8"?><?xml-stylesheet type="text/xsl" href="static/style.xsl"?><OAI-PMH xmlns="http://www.openarchives.org/OAI/2.0/" xmlns:xsi="http://www.w3.org/2001/XMLSchema-instance" xsi:schemaLocation="http://www.openarchives.org/OAI/2.0/ http://www.openarchives.org/OAI/2.0/OAI-PMH.xsd"><responseDate>2026-04-13T06:46:21Z</responseDate><request verb="GetRecord" identifier="oai:www.recercat.cat:11351/8477" metadataPrefix="marc">https://recercat.cat/oai/request</request><GetRecord><record><header><identifier>oai:recercat.cat:11351/8477</identifier><datestamp>2025-10-24T10:34:51Z</datestamp><setSpec>com_2072_378070</setSpec><setSpec>com_2072_378040</setSpec><setSpec>col_2072_378092</setSpec></header><metadata><record xmlns="http://www.loc.gov/MARC21/slim" xmlns:dcterms="http://purl.org/dc/terms/" xmlns:xsi="http://www.w3.org/2001/XMLSchema-instance" xmlns:doc="http://www.lyncode.com/xoai" xsi:schemaLocation="http://www.loc.gov/MARC21/slim http://www.loc.gov/standards/marcxml/schema/MARC21slim.xsd">
   <leader>00925njm 22002777a 4500</leader>
   <datafield ind2=" " ind1=" " tag="042">
      <subfield code="a">dc</subfield>
   </datafield>
   <datafield ind2=" " ind1=" " tag="720">
      <subfield code="a">Mazuecos, Auxiliadora</subfield>
      <subfield code="e">author</subfield>
   </datafield>
   <datafield ind2=" " ind1=" " tag="720">
      <subfield code="a">Cubillo, Beatriz</subfield>
      <subfield code="e">author</subfield>
   </datafield>
   <datafield ind2=" " ind1=" " tag="720">
      <subfield code="a">Merino, José</subfield>
      <subfield code="e">author</subfield>
   </datafield>
   <datafield ind2=" " ind1=" " tag="720">
      <subfield code="a">Poveda, Inmaculada</subfield>
      <subfield code="e">author</subfield>
   </datafield>
   <datafield ind2=" " ind1=" " tag="720">
      <subfield code="a">Saura, Isabel M.</subfield>
      <subfield code="e">author</subfield>
   </datafield>
   <datafield ind2=" " ind1=" " tag="720">
      <subfield code="a">Toapanta Gaibor, Nestor Gabriel</subfield>
      <subfield code="e">author</subfield>
   </datafield>
   <datafield ind2=" " ind1=" " tag="720">
      <subfield code="a">Villanego Fernández, Florentino</subfield>
      <subfield code="e">author</subfield>
   </datafield>
   <datafield ind2=" " ind1=" " tag="260">
      <subfield code="c">2022-11-15T11:55:15Z</subfield>
   </datafield>
   <datafield ind2=" " ind1=" " tag="260">
      <subfield code="c">2022-11-15T11:55:15Z</subfield>
   </datafield>
   <datafield ind2=" " ind1=" " tag="260">
      <subfield code="c">2022-10</subfield>
   </datafield>
   <datafield ind2=" " ind1=" " tag="520">
      <subfield code="a">COVID-19; Immunosuppression; Kidney transplantation</subfield>
   </datafield>
   <datafield ind2=" " ind1=" " tag="520">
      <subfield code="a">COVID-19; Inmunosupresión; Trasplante de riñón</subfield>
   </datafield>
   <datafield ind2=" " ind1=" " tag="520">
      <subfield code="a">COVID-19; Immunosupressió; Trasplantament de ronyó</subfield>
   </datafield>
   <datafield ind2=" " ind1=" " tag="520">
      <subfield code="a">Background&#xd;
Sotrovimab is a neutralizing monoclonal antibody (mAb) that seems to remain active against recent severe acute respiratory syndrome coronavirus 2 (SARS-CoV-2) variants. The evidence on its use in kidney transplant (KT) recipients, however, is limited.&#xd;
Methods&#xd;
We performed a multicenter, retrospective cohort study of 82 KT patients with SARS-CoV-2 infection {coronavirus disease 2019 [COVID-19]} treated with sotrovimab.&#xd;
Results&#xd;
Median age was 63 years. Diabetes was present in 43.9% of patients, and obesity in 32.9% of patients; 48.8% of patients had an estimated glomerular filtration rate under 30 mL/minute/1.73 m2. Additional anti–COVID-19 therapies were administered to 56 patients, especially intravenous steroids (65.9%). Sotrovimab was administered early (&lt;5 days from the onset of the symptoms) in 46 patients (56%). Early-treated patients showed less likely progression to severe COVID-19 than those treated later, represented as a lower need for ventilator support (2.2% vs 36.1%; P &lt; .001) or intensive care admission (2.2% vs 25%; P = .002) and COVID-19–related mortality (2.2% vs 16.7%; P = .020). In the multivariable analysis, controlling for baseline risk factors to severe COVID-19 in KT recipients, early use of sotrovimab remained as a protective factor for a composite outcome, including need for ventilator support, intensive care, and COVID-19–related mortality. No anaphylactic reactions, acute rejection episodes, impaired kidney function events, or non-kidney side effects related to sotrovimab were observed.&#xd;
Conclusions&#xd;
Sotrovimab had an excellent safety profile, even in high-comorbidity patients and advanced chronic kidney disease stages. Earlier administration could prevent progression to severe disease, while clinical outcomes were poor in patients treated later. Larger controlled studies enrolling KT recipients are warranted to elucidate the true efficacy of monoclonal antibody therapies.</subfield>
   </datafield>
   <datafield ind2=" " ind1=" " tag="520">
      <subfield code="a">The Spanish COVID-19 renal registry and the Transplant Working Group of the Spanish Society of Nephrology (SENTRA) are supported by the Spanish Society of Nephrology.</subfield>
   </datafield>
   <datafield ind1="8" ind2=" " tag="024">
      <subfield code="a">http://hdl.handle.net/11351/8477</subfield>
   </datafield>
   <datafield tag="653" ind2=" " ind1=" ">
      <subfield code="a">COVID-19 (Malaltia) - Tractament</subfield>
   </datafield>
   <datafield tag="653" ind2=" " ind1=" ">
      <subfield code="a">Ronyons - Trasplantació - Complicacions</subfield>
   </datafield>
   <datafield tag="653" ind2=" " ind1=" ">
      <subfield code="a">Anticossos monoclonals - Ús terapèutic</subfield>
   </datafield>
   <datafield tag="653" ind2=" " ind1=" ">
      <subfield code="a">DISEASES::Virus Diseases::RNA Virus Infections::Nidovirales Infections::Coronaviridae Infections::Coronavirus Infections</subfield>
   </datafield>
   <datafield tag="653" ind2=" " ind1=" ">
      <subfield code="a">Other subheadings::Other subheadings::Other subheadings::/drug therapy</subfield>
   </datafield>
   <datafield tag="653" ind2=" " ind1=" ">
      <subfield code="a">ANALYTICAL, DIAGNOSTIC AND THERAPEUTIC TECHNIQUES, AND EQUIPMENT::Therapeutics::Renal Replacement Therapy::Kidney Transplantation</subfield>
   </datafield>
   <datafield tag="653" ind2=" " ind1=" ">
      <subfield code="a">CHEMICALS AND DRUGS::Amino Acids, Peptides, and Proteins::Proteins::Blood Proteins::Immunoproteins::Immunoglobulins::Antibodies::Antibodies, Monoclonal</subfield>
   </datafield>
   <datafield tag="653" ind2=" " ind1=" ">
      <subfield code="a">ENFERMEDADES::virosis::infecciones por virus ARN::infecciones por Nidovirales::infecciones por Coronaviridae::infecciones por Coronavirus</subfield>
   </datafield>
   <datafield tag="653" ind2=" " ind1=" ">
      <subfield code="a">Otros calificadores::Otros calificadores::Otros calificadores::/farmacoterapia</subfield>
   </datafield>
   <datafield tag="653" ind2=" " ind1=" ">
      <subfield code="a">TÉCNICAS Y EQUIPOS ANALÍTICOS, DIAGNÓSTICOS Y TERAPÉUTICOS::terapéutica::tratamiento de reemplazo renal::trasplante de riñón</subfield>
   </datafield>
   <datafield tag="653" ind2=" " ind1=" ">
      <subfield code="a">COMPUESTOS QUÍMICOS Y DROGAS::aminoácidos, péptidos y proteínas::proteínas::proteínas sanguíneas::inmunoproteínas::inmunoglobulinas::anticuerpos::anticuerpos monoclonales</subfield>
   </datafield>
   <datafield ind2="0" ind1="0" tag="245">
      <subfield code="a">Treatment with sotrovimab for SARS-CoV-2 infection in a cohort of high-risk kidney transplant recipients</subfield>
   </datafield>
</record></metadata></record></GetRecord></OAI-PMH>